Ireland
Guardado en:
| Formato: | Libro |
|---|---|
| Lenguaje: | inglés |
| Publicado: |
Paris
OECD
2013
|
| Colección: | OECD economic surveys
|
| Materias: | |
| Etiquetas: |
Sin Etiquetas, Sea el primero en etiquetar este registro!
|
MARC
| LEADER | 00000nam a2200000 4500 | ||
|---|---|---|---|
| 001 | 0186561 | ||
| 005 | 20240315120824.6 | ||
| 020 | |a 978-92-64-18310-0 | ||
| 022 | |a 1995-3267 | ||
| 041 | 0 | |a eng | |
| 044 | |a FR | ||
| 245 | 1 | 0 | |a Ireland |
| 264 | 1 | |a Paris |b OECD |c 2013 | |
| 300 | |a 123 s. | ||
| 490 | 1 | |a OECD economic surveys | |
| 830 | 0 | |a OECD economic surveys | |
| 610 | 2 | 0 | |a situácia hospodárska |
| 610 | 2 | 0 | |a rozvoj trvalo udržateľný |
| 610 | 2 | 0 | |a politika zamestnanosti |
| 610 | 2 | 0 | |a politika sociálna |
| 610 | 2 | 0 | |a reformy štruktúrne |
| 610 | 2 | 0 | |a trh práce |
| 610 | 2 | 0 | |a politika finančná |
| 610 | 2 | 0 | |a Írsko |